Stolice Europy - quiz na mapie - Statystyki

Ogólne statystyki
  • Ten quiz został rozwiązany 33 641 razy
  • Średni wynik to 28 z 44
Odpowiedzi na mapie
Odpowiedzi zakodowano w zielono-czerwonej skali na mapie do tego quizu, zgodnie z poniższymi procentami.
 
Statystyki odpowiedzi
Odpowiedź % Poprawnych
Londyn
85%
Madryt
84%
Paryż
83%
Lizbona
82%
Amsterdam
80%
Ateny
80%
Dublin
79%
Berlin
77%
Warszawa
77%
Rzym | Watykan
76%
Andora
74%
Luksemburg
73%
San Marino
73%
Monako
72%
Bruksela
71%
Kijów
71%
Reykjavík
71%
Moskwa
70%
Praga
69%
Oslo
68%
Helsinki
66%
Kopenhaga
66%
Mińsk
66%
Sztokholm
64%
Wiedeń
63%
Wilno
62%
Ryga
60%
Valletta
60%
Budapeszt
59%
Zagrzeb
59%
Bratysława
58%
Sofia
56%
Tallinn
56%
Berno
55%
Bukareszt
53%
Kiszyniów
50%
Tirana
49%
Lublana
48%
Sarajewo
48%
Belgrad
47%
Vaduz
47%
Podgorica
45%
Skopje
42%
Prisztina
41%
Nie znaleziono quizów pasujących do podanych kryteriów
Rozkład punktacji
Procent ludzi z każdym wynikiem
Percentyl według liczby udzielonych odpowiedzi
Twoja historia wyników
Nie rozwiązałeś tego quizu